MARC details
| 000 -LEADER |
| fixed length control field |
03868cam a2200625Mi 4500 |
| 001 - CONTROL NUMBER |
| control field |
ocn880440601 |
| 003 - CONTROL NUMBER IDENTIFIER |
| control field |
OCoLC |
| 005 - DATE AND TIME OF LATEST TRANSACTION |
| control field |
20171109122234.0 |
| 006 - FIXED-LENGTH DATA ELEMENTS--ADDITIONAL MATERIAL CHARACTERISTICS--GENERAL INFORMATION |
| fixed length control field |
m o d |
| 007 - PHYSICAL DESCRIPTION FIXED FIELD--GENERAL INFORMATION |
| fixed length control field |
cr cn||||||||| |
| 008 - FIXED-LENGTH DATA ELEMENTS--GENERAL INFORMATION |
| fixed length control field |
130422t20142014caua ob 001 0 eng d |
| 020 ## - INTERNATIONAL STANDARD BOOK NUMBER |
| International Standard Book Number |
9781483313566 |
| Qualifying information |
(e-book) |
| 020 ## - INTERNATIONAL STANDARD BOOK NUMBER |
| International Standard Book Number |
1483313565 |
| Qualifying information |
(e-book) |
| 020 ## - INTERNATIONAL STANDARD BOOK NUMBER |
| International Standard Book Number |
1452290075 |
| Qualifying information |
(alk. paper) |
| 020 ## - INTERNATIONAL STANDARD BOOK NUMBER |
| International Standard Book Number |
9781452290072 |
| Qualifying information |
(alk. paper) |
| 020 ## - INTERNATIONAL STANDARD BOOK NUMBER |
| International Standard Book Number |
1483349098 |
| 020 ## - INTERNATIONAL STANDARD BOOK NUMBER |
| International Standard Book Number |
9781483349091 |
| 020 ## - INTERNATIONAL STANDARD BOOK NUMBER |
| Cancelled/invalid ISBN |
9781452290072 |
| Qualifying information |
(alk. paper) |
| 029 1# - (OCLC) |
| OCLC library identifier |
CHBIS |
| System control number |
010682544 |
| 029 1# - (OCLC) |
| OCLC library identifier |
CHVBK |
| System control number |
364300809 |
| 029 1# - (OCLC) |
| OCLC library identifier |
DEBBG |
| System control number |
BV043039246 |
| 029 1# - (OCLC) |
| OCLC library identifier |
DEBBG |
| System control number |
BV043781098 |
| 029 1# - (OCLC) |
| OCLC library identifier |
DEBSZ |
| System control number |
405712294 |
| 029 1# - (OCLC) |
| OCLC library identifier |
DEBSZ |
| System control number |
424596520 |
| 035 ## - SYSTEM CONTROL NUMBER |
| System control number |
(OCoLC)880440601 |
| Canceled/invalid control number |
(OCoLC)876512586 |
| -- |
(OCoLC)880667228 |
| -- |
(OCoLC)971070550 |
| 040 ## - CATALOGING SOURCE |
| Original cataloging agency |
E7B |
| Language of cataloging |
eng |
| Description conventions |
rda |
| -- |
pn |
| Transcribing agency |
E7B |
| Modifying agency |
OCLCO |
| -- |
CDX |
| -- |
COO |
| -- |
YDXCP |
| -- |
OCLCF |
| -- |
IDEBK |
| -- |
EBLCP |
| -- |
N$T |
| -- |
DEBSZ |
| -- |
NLE |
| -- |
SI# |
| -- |
OCLCQ |
| -- |
VT2 |
| -- |
OCLCQ |
| -- |
MERUC |
| -- |
OCLCQ |
| 049 ## - LOCAL HOLDINGS (OCLC) |
| Holding library |
TZAA |
| 050 #4 - LIBRARY OF CONGRESS CALL NUMBER |
| Classification number |
HV6252 |
| Item number |
.T73 |
| 082 04 - DEWEY DECIMAL CLASSIFICATION NUMBER |
| Classification number |
364.106 |
| Edition number |
23 |
| 100 ## - MAIN ENTRY--PERSONAL NAME |
| Personal name |
Jay Albanese |
| Relator term |
Ed. |
| 245 00 - TITLE STATEMENT |
| Title |
Transnational organized crime : an overview from six continents |
| Remainder of title |
an overview from six continents / |
| Statement of responsibility, etc |
Jay Albanese, Virginia Commonwealth University, USA, Philip Reichel, University of Northern Colorado, USA, [editors]. |
| 260 ## - PUBLICATION, DISTRIBUTION, ETC. (IMPRINT) |
| Place of publication, distribution, etc |
Los Angeles : |
| Name of publisher, distributor, etc |
Sage |
| Date of publication, distribution, etc |
2014 |
| 300 ## - PHYSICAL DESCRIPTION |
| Extent |
223 pages : |
| Other physical details |
illustrations |
| 504 ## - BIBLIOGRAPHY, ETC. NOTE |
| Bibliography, etc |
Includes bibliographical references and index. |
| 505 00 - FORMATTED CONTENTS NOTE |
| Title |
Transnational organized crime networks across the world / |
| Statement of responsibility |
Jan van Dijk and Toine Spapens -- |
| Title |
Transnational organized crime in North America / |
| Statement of responsibility |
James O. Finckenauer and Jay Albanese -- |
| Title |
Transnational organized crime in Latin America / |
| Statement of responsibility |
Mary Fran T. Malone and Christine B. Malone-Rowe -- |
| Title |
Transnational organized crime in Europe / |
| Statement of responsibility |
Klaus von Lampe -- |
| Title |
Transnational organized crime in Africa / |
| Statement of responsibility |
Mark Shaw -- |
| Title |
Transnational organized crime in Asia and the Middle East / |
| Statement of responsibility |
Richard D. Ward and Daniel J. Mabrey -- |
| Title |
Transnational organized crime in Oceania / |
| Statement of responsibility |
Roderic Broadhurst, Mark Lauchs, and Sally Lohrisch -- |
| Title |
Terrorism and transnational organized crime / |
| Statement of responsibility |
Gus Martin. |
| 520 8# - SUMMARY, ETC. |
| Summary, etc |
This work explores the topic of transnational organised crime, incorporating expert perspectives found throughout the world's six inhabited continents: North America, Central and South America, Europe, Africa, Asia, and Oceania. Editors Jay S. Albanese and Philip L. Reichel gather the knowledge and expertise of numerous authors, researchers, and practitioners in this field who are either native to each world region, have extensively travelled and worked there, or are recognised scholars for those regions. |
| 650 #0 - SUBJECT ADDED ENTRY--TOPICAL TERM |
| Topical term or geographic name as entry element |
Transnational crime. |
| 650 #0 - SUBJECT ADDED ENTRY--TOPICAL TERM |
| Topical term or geographic name as entry element |
Organized crime. |
| 650 #7 - SUBJECT ADDED ENTRY--TOPICAL TERM |
| Topical term or geographic name as entry element |
Social science |
| General subdivision |
Criminology. |
| Source of heading or term |
bisacsh |
| 9 (RLIN) |
15125 |
| 650 #7 - SUBJECT ADDED ENTRY--TOPICAL TERM |
| Topical term or geographic name as entry element |
Organized crime. |
| Source of heading or term |
fast |
| 650 #7 - SUBJECT ADDED ENTRY--TOPICAL TERM |
| Topical term or geographic name as entry element |
Transnational crime. |
| Source of heading or term |
fast |
| 655 #4 - INDEX TERM--GENRE/FORM |
| Genre/form data or focus term |
Electronic books. |
| 700 1# - ADDED ENTRY--PERSONAL NAME |
| Personal name |
Albanese, Jay S., |
| Relator term |
editor. |
| 700 1# - ADDED ENTRY--PERSONAL NAME |
| Personal name |
Reichel, Philip L., |
| Relator term |
editor. |
| 776 08 - ADDITIONAL PHYSICAL FORM ENTRY |
| Display text |
Print version: |
| Title |
Transnational organized crime : an overview from six continents. |
| Place, publisher, and date of publication |
Los Angeles : SAGE, [2014] |
| Physical description |
214 pages ; 23 cm |
| International Standard Book Number |
9781452290072 |
| Record control number |
(DLC) 10858236 |
| 856 40 - ELECTRONIC LOCATION AND ACCESS |
| Materials specified |
Ebook Library |
| Uniform Resource Identifier |
<a href="http://public.eblib.com/choice/publicfullrecord.aspx?p=1664605">http://public.eblib.com/choice/publicfullrecord.aspx?p=1664605</a> |
| 856 40 - ELECTRONIC LOCATION AND ACCESS |
| Materials specified |
ebrary |
| Uniform Resource Identifier |
<a href="http://site.ebrary.com/id/10858236">http://site.ebrary.com/id/10858236</a> |
| 856 40 - ELECTRONIC LOCATION AND ACCESS |
| Materials specified |
EBSCOhost |
| Uniform Resource Identifier |
<a href="http://search.ebscohost.com/login.aspx?direct=true&scope=site&db=nlebk&db=nlabk&AN=755712">http://search.ebscohost.com/login.aspx?direct=true&scope=site&db=nlebk&db=nlabk&AN=755712</a> |
| 856 40 - ELECTRONIC LOCATION AND ACCESS |
| Materials specified |
MyiLibrary |
| Uniform Resource Identifier |
<a href="http://www.myilibrary.com?id=661280">http://www.myilibrary.com?id=661280</a> |
| 856 40 - ELECTRONIC LOCATION AND ACCESS |
| Uniform Resource Identifier |
<a href="https://nls.ldls.org.uk/welcome.html?ark:/81055/vdc_100025422356.0x000001">https://nls.ldls.org.uk/welcome.html?ark:/81055/vdc_100025422356.0x000001</a> |
| Public note |
View item |
| 856 40 - ELECTRONIC LOCATION AND ACCESS |
| Uniform Resource Identifier |
<a href="http://sk.sagepub.com/books/transnational-organized-crime">http://sk.sagepub.com/books/transnational-organized-crime</a> |
| 856 40 - ELECTRONIC LOCATION AND ACCESS |
| Uniform Resource Identifier |
<a href="http://lib.myilibrary.com?id=1019994">http://lib.myilibrary.com?id=1019994</a> |
| Public note |
Connect to MyiLibrary resource. |
| 856 40 - ELECTRONIC LOCATION AND ACCESS |
| Uniform Resource Identifier |
<a href="http://ebookcentral.proquest.com/lib/ucm/detail.action?docID=1664605">http://ebookcentral.proquest.com/lib/ucm/detail.action?docID=1664605</a> |
| Public note |
View Full Text |
| 942 ## - ADDED ENTRY ELEMENTS (KOHA) |
| Source of classification or shelving scheme |
Library of Congress Classification |
| Koha item type |
Books |